000 00392nam a22001577a 4500
005 20251212162404.0
008 251212b |||||||| |||| 00| 0 eng d
037 _cTB
040 _aAL
_cAL
041 _2URD
_aURD
100 _aMohammad Hussain
_9856450
245 _aTilism-e-hoshruba
260 _c1988.
942 _2CC
_cTB
_n0
999 _c1466344
_d1466344